Minecraft quiz (HARD!) - Statistics

General Stats
  • This quiz has been taken 1,821 times
    1,815 since last reset
  • The average score is 7 of 14
Answer Stats
Hint Answer % Correct
What happens when a Creeper is struckby lightning? It Becomes a charged creeper.
95%
What was Notch trying to invent when he invented the Creeper? A pig, DUH!
82%
To make the Nether, you need... 8-12 blocks of obsidian and flint and steel
80%
How many different colors can you dye wool? 16 Different colors
76%
what happens when a villager is struck by lightning? It becomes a witch
68%
The Wither drops... A Nether Star
65%
The rarest sheep found to spawn naturally in Minecraft is... A PINK SHEEP!
65%
The Mob with the most hearts in the game is... The Wither
63%
How many dimensions are there in the game Minecraft? 3 Dimensions
37%
how many different swords can you craft? 5 Different swords
33%
In pocket edition, what can you craft with 6 iron and 3 diamond? A Nether Reactor
21%
What happens when a pig is struck by lightning? It becomes a zombie Pigman
20%
Besides underground, where are slimes found? Swamp biomes
20%
How many copies of minecraft have been sold on the Pc/Mac worldwide? 54 million have been sold.
1%
No matching quizzes found
Score Distribution
Percent of People with Each Score
Percentile by Number Answered
Your Score History
You have not taken this quiz since the last reset